[Event "Berlin-ch QT"]
[Site "Berlin"]
[Date "2017.04.17"]
[Round "9"]
[White "Reitenbach, Alex"]
[Black "Steiger, Michael"]
[Result "1/2-1/2"]
[WhiteElo "1952"]
[BlackElo "2011"]
[PlyCount "44"]
[EventDate "2017.04.09"]
[EventType "swiss"]
[EventRounds "9"]
[EventCountry "GER"]
[SourceTitle "CBM 189 Extra"]
[Source "ChessBase"]
[SourceDate "2019.06.03"]
[SourceVersion "1"]
[SourceVersionDate "2019.06.03"]
[SourceQuality "1"]

1. e4 c5 2. Nf3 d6 3. d4 cxd4 4. Nxd4 Nf6 5. Nc3 g6 6. Bc4 Bg7 7. Bb3 0-0 8. Be3 Nc6 9. f3 Bd7 10. Qd2 Qa5 11. g4 Rfc8 12. Nce2 Qxd2+ 13. Kxd2 Ne5 14. c3 Be8 15. h4 Nc4+ 16. Bxc4 Rxc4 17. h5 e5 18. Nc2 d5 19. h6 Bf8 20. g5 Nh5 21. b3 Rc7 22. exd5 b5 1/2-1/2

[Event "Berlin-ch QT"]
[Site "Berlin"]
[Date "2017.04.14"]
[Round "6"]
[White "Schmidt, Juergen"]
[Black "Reitenbach, Alex"]
[Result "1/2-1/2"]
[WhiteElo "1966"]
[BlackElo "1952"]
[PlyCount "50"]
[EventDate "2017.04.09"]
[EventType "swiss"]
[EventRounds "9"]
[EventCountry "GER"]
[SourceTitle "CBM 189 Extra"]
[Source "ChessBase"]
[SourceDate "2019.06.03"]
[SourceVersion "1"]
[SourceVersionDate "2019.06.03"]
[SourceQuality "1"]

1. e4 e5 2. Nf3 Nf6 3. Nxe5 d6 4. Nf3 Nxe4 5. d4 d5 6. Bd3 Bg4 7. h3 Bh5 8. 0-0 Be7 9. c4 Bg6 10. Ne5 Nf6 11. Nc3 c6 12. Re1 Bxd3 13. Qxd3 dxc4 14. Qxc4 0-0 15. Bf4 Nbd7 16. Rad1 Nb6 17. Qb3 Nfd5 18. Nxd5 Qxd5 19. Qg3 Rae8 20. Ng4 Nd7 21. Bh6 Qd6 22. Ne5 Qxh6 23. Nxd7 Bd6 24. Qf3 Rxe1+ 25. Rxe1 Rd8 1/2-1/2

[Event "Berlin-ch QT"]
[Site "Berlin"]
[Date "2017.04.11"]
[Round "3"]
[White "Reitenbach, Alex"]
[Black "Krueger, Robin Kevin"]
[Result "0-1"]
[WhiteElo "1952"]
[BlackElo "1875"]
[PlyCount "110"]
[EventDate "2017.04.09"]
[EventType "swiss"]
[EventRounds "9"]
[EventCountry "GER"]
[SourceTitle "CBM 189 Extra"]
[Source "ChessBase"]
[SourceDate "2019.06.03"]
[SourceVersion "1"]
[SourceVersionDate "2019.06.03"]
[SourceQuality "1"]

1. e4 e5 2. Nf3 Nc6 3. Nc3 Nf6 4. Bb5 Bc5 5. d3 Nd4 6. Bc4 d6 7. Nxd4 Bxd4 8. Qe2 0-0 9. Bg5 h6 10. Bh4 c6 11. Rb1 a5 12. a4 Be6 13. Bxe6 fxe6 14. Kd2 Qe8 15. g4 Qf7 16. Rbf1 Nh7 17. Bg3 Ng5 18. f4 exf4 19. Bxf4 Qxf4+ 20. Rxf4 Rxf4 21. Nd1 Raf8 22. c3 Bc5 23. h4 Nf3+ 24. Kc1 Rxg4 25. d4 Ba7 26. Rh3 Rgf4 27. Nf2 Nxd4 28. cxd4 Rxf2 29. Qd3 e5 30. dxe5 dxe5 31. Qc4+ Kh8 32. Kb1 Bd4 33. Rb3 R8f7 34. Qe6 b6 35. Qxc6 R7f4 36. h5 Rg2 37. Qc8+ Kh7 38. Qh3 Rff2 39. Qe6 Rg5 40. Qh3 Rg1+ 41. Ka2 Rgg2 42. Qe6 Bxb2 43. Rxb2 Rxb2+ 44. Ka3 Rbf2 45. Kb3 Rf6 46. Qxe5 Rg5 47. Qh2 Re6 48. Qf4 Ree5 49. Kc4 Rxh5 50. Kd4 b5 51. Qxe5 Rxe5 52. Kxe5 bxa4 53. Kd6 a3 54. e5 a2 55. e6 a1Q 0-1